000 00448nam a2200181Ia 4500
003 GCL
008 140319s9999 xx 000 0 eng d
040 _aGCL /
_cGCL
082 0 4 _a636.51
_bE R
100 1 _aETCHES, R.J
245 1 0 _aREPRODUCTION IN POULTRY /
_cETCHES, R.J
260 _a[S.N] :
_bCAB INTERNATIONAL ،
_c1996
300 _a318 P
650 0 4 _aVETERINARY
650 0 4 _aPOULTRY
650 0 4 _aPOULTRY - SEXING
942 _2ddc
_cBK
999 _c14034
_d14034